000 00853nam a2200301 i 4500
003 DO-SdBNP
005 20240612100932.0
007 ta
008 240612s200? dr r 000 0 spa d
020 _a9789945184921
040 _aDO-SdBNP
_bspa
_cBNPHU
_erda
082 _bV161d
_222
100 _aValenzuela, Henry
_935398
_eautor
245 1 3 _aDe muros a puentes :
_bcómo Dios actúa en medio de los imposible /
_cHenry Valenzuela
264 1 _aSanto Domingo :
_bAmigo del Hogar,
_cfecha no identificada.
300 _a181 páginas ;
_c23 cm.
336 _2rdacontent
_atexto
_btxt
337 _2rdamedia
_asin mediación
_bn
338 _2rdacarrier
_avolumen
_bnc
590 _aInventariado, 2024/ DG
650 _914357
650 _985631
650 _985632
700 _985642
710 _985633
910 _aDG
942 _2ddc
_cLBS1
999 _c56823
_d56823